[Event "13th Rochefort Tournament - Masters 2014"]
[Site "Palais des Congres Rochefort"]
[Date "2014.02.22"]
[Round "2.1"]
[White "Solodovnichenko, Yuri"]
[Black "Ider, Borya"]
[Result "0-1"]
[WhiteElo "2586"]
[BlackElo "2378"]
[PlyCount "92"]

1. e4 e6 2. d4 d5 3. Nc3 Bb4 4. a3 Bxc3+ 5. bxc3 dxe4 6. Qg4 Nf6 7. Qxg7 Rg8 8.
Qh6 Nbd7 9. a4 b6 10. a5 Bb7 11. a6 Bc6 12. Nh3 Rg6 13. Qd2 Nh5 14. c4 Ndf6 15.
Bb2 Qd7 16. O-O-O O-O-O 17. Rg1 Qd6 18. g3 Ng4 19. Be2 f5 20. Qc3 Qf8 21. Kb1
Qe8 22. f3 Ngf6 23. Rge1 Rg8 24. Nf2 Ba8 25. fxe4 fxe4 26. d5 exd5 27. cxd5
Nxd5 28. Qb3 e3 29. Ng4 Kb8 30. Ne5 Nhf6 31. Bb5 Qh5 32. Ka1 Ne7 33. Rd3 Be4
34. Qe6 Bxd3 35. Bxd3 Nfd5 36. Nc6+ Ka8 37. Nxd8 Rxd8 38. Be4 Kb8 39. Be5 Qe8
40. Kb1 Qb5+ 41. Kc1 Qa5 42. Re2 Nc3 43. Bxc3 Qxc3 44. Qa2 Rf8 45. Bg2 Nc6 46.
Qb2 Nd4 0-1

[Event "13th Rochefort Tournament - Masters 2014"]
[Site "Palais des Congres Rochefort"]
[Date "2014.02.22"]
[Round "2.2"]
[White "Manea, Alexandru"]
[Black "Bachmann, Axel"]
[Result "1/2-1/2"]
[WhiteElo "2385"]
[BlackElo "2577"]
[PlyCount "63"]

1. d4 Nf6 2. Nf3 g6 3. c4 Bg7 4. Nc3 O-O 5. e4 d6 6. Be2 Bg4 7. Qb3 Nbd7 8. Be3
c5 9. d5 a6 10. a4 Ne8 11. O-O Nc7 12. Rfd1 Rb8 13. h3 Bxf3 14. Bxf3 f5 15.
exf5 gxf5 16. Bf4 Be5 17. Bd2 Kh8 18. Rab1 Rg8 19. Qc2 Qf8 20. Ne2 Qf6 21. b4
b6 22. a5 b5 23. Kh1 bxc4 24. bxc5 Nxc5 25. Rxb8 Rxb8 26. Qxc4 Nb5 27. Be3 Na3
28. Qa2 Nb5 29. Qc4 Na3 30. Qa2 Nb5 31. Qc4 Na3 32. Qa2 1/2-1/2

[Event "13th Rochefort Tournament - Masters 2014"]
[Site "Palais des Congres Rochefort"]
[Date "2014.02.22"]
[Round "2.3"]
[White "Marholev, Dimitar"]
[Black "Vishnu Prasanna. V"]
[Result "1-0"]
[WhiteElo "2315"]
[BlackElo "2468"]
[PlyCount "57"]

1. Nf3 Nf6 2. c4 c5 3. g3 g6 4. b3 Bg7 5. Bb2 O-O 6. Bg2 d6 7. d4 Nc6 8. O-O
Bf5 9. d5 Na5 10. Nfd2 a6 11. e4 Bd7 12. Nc3 b5 13. h3 Rb8 14. Rb1 e6 15. Ba1
e5 16. f4 Nh5 17. Ne2 Qe7 18. f5 bxc4 19. Bc3 cxb3 20. Bxa5 bxa2 21. Ra1 Bb5
22. Kh2 Qg5 23. Rf3 gxf5 24. Rxa2 f4 25. g4 Nf6 26. Bc7 Rbc8 27. Bxd6 Nxg4+ 28.
hxg4 Qh4+ {illisible} 29. Bh3 {illisible} 1-0

[Event "13th Rochefort Tournament - Masters 2014"]
[Site "Palais des Congres Rochefort"]
[Date "2014.02.22"]
[Round "2.4"]
[White "Milchev, Nikolay"]
[Black "Rudolf, Anna"]
[Result "1-0"]
[WhiteElo "2465"]
[BlackElo "2297"]
[PlyCount "51"]

1. Nf3 d5 2. c4 e6 3. g3 Nf6 4. Bg2 Be7 5. O-O O-O 6. d4 dxc4 7. Qa4 a6 8. Qxc4
b5 9. Qc2 Bb7 10. Bd2 Nbd7 11. Ba5 Bd6 12. Nbd2 Rc8 13. e4 e5 14. dxe5 Nxe5 15.
Nxe5 Bxe5 16. Nb3 Bd6 17. Rfe1 Ng4 18. f4 Qd7 19. Rad1 Qe6 20. e5 Bxg2 21. exd6
Ne3 22. Qxg2 Nxg2 23. Rxe6 fxe6 24. d7 Rcd8 25. Kxg2 Rf7 26. Nc5 1-0

[Event "13th Rochefort Tournament - Masters 2014"]
[Site "Palais des Congres Rochefort"]
[Date "2014.02.22"]
[Round "2.5"]
[White "Panbukchian, Valentin"]
[Black "Kozhuharov, Spas"]
[Result "1/2-1/2"]
[WhiteElo "2309"]
[BlackElo "2463"]
[PlyCount "43"]

1. Nf3 Nf6 2. g3 b6 3. Bg2 Bb7 4. O-O e6 5. d3 Be7 6. e4 d6 7. Nbd2 c5 8. Qe2
O-O 9. c3 Nc6 10. a3 b5 11. a4 a6 12. d4 cxd4 13. cxd4 Qb6 14. e5 Nd5 15. axb5
axb5 16. Rxa8 Rxa8 17. Nb3 b4 18. Rd1 h6 19. Qe4 Na5 20. Nxa5 Rxa5 21. Qg4 Ra1
22. Re1 1/2-1/2

[Event "13th Rochefort Tournament - Masters 2014"]
[Site "Palais des Congres Rochefort"]
[Date "2014.02.22"]
[Round "2.6"]
[White "Kambrath, Yannick"]
[Black "Dumitrache, Dragos-Nicolae"]
[Result "1/2-1/2"]
[WhiteElo "2293"]
[BlackElo "2453"]
[PlyCount "58"]

1. d4 Nf6 2. c4 e6 3. Nc3 Bb4 4. e3 c5 5. Nge2 b6 6. a3 Ba5 7. Rb1 Na6 8. g3
Bb7 9. d5 b5 10. Bg2 bxc4 11. e4 Qb6 12. Bg5 exd5 13. exd5 h6 14. Bxf6 Qxf6 15.
Qa4 Bxc3+ 16. bxc3 Rb8 17. Qxc4 O-O 18. O-O Rfe8 19. Rfe1 Qd6 20. Qd3 Nc7 21.
c4 Ba6 22. Nc3 Rxe1+ 23. Rxe1 Rb2 24. Na4 Rb8 25. Nc3 Rb2 26. Na4 Rb8 27. Bf1
Kf8 28. Qf3 Bc8 29. Bd3 g6 1/2-1/2

[Event "13th Rochefort Tournament - Masters 2014"]
[Site "Palais des Congres Rochefort"]
[Date "2014.02.22"]
[Round "2.7"]
[White "Santiago, Yago De Moura"]
[Black "Ippolito, Manuel"]
[Result "1-0"]
[WhiteElo "2451"]
[BlackElo "2278"]
[PlyCount "45"]

1. e4 d6 2. d4 Nf6 3. Nc3 g6 4. Bg5 Bg7 5. f4 c5 6. d5 O-O 7. Nf3 b5 8. Bxf6
Bxf6 9. Bxb5 Qb6 10. e5 Bg7 11. O-O a6 12. Be2 Qxb2 13. Qd2 Bg4 14. Rab1 Qa3
15. Rb7 dxe5 16. Nxe5 Bxe2 17. Nxe2 c4 18. Kh1 Rd8 19. Nxc4 Qxa2 20. Nb6 Qb2
21. Qc1 Qb5 22. c4 Qb3 23. Qb1 1-0

[Event "13th Rochefort Tournament - Masters 2014"]
[Site "Palais des Congres Rochefort"]
[Date "2014.02.22"]
[Round "2.8"]
[White "Antoli Royo, Joaquin Miguel"]
[Black "Berard, Serge"]
[Result "1-0"]
[WhiteElo "2413"]
[BlackElo "1985"]
[PlyCount "59"]

1. e4 Nc6 2. Nf3 d5 3. exd5 Qxd5 4. Nc3 Qa5 5. h3 Nf6 6. d4 e6 7. Bd2 Bb4 8.
Bd3 Nd5 9. a3 Bxc3 10. bxc3 Qa4 11. O-O Bd7 12. Qb1 Na5 13. Ne5 Nb6 14. Qb4
Qxb4 15. axb4 Nc6 16. Nxd7 Kxd7 17. b5 Ne7 18. c4 Rhc8 19. Ra5 c5 20. dxc5 Rxc5
21. Bb4 Nxc4 22. Ra4 Nb6 23. Rxa7 Rxa7 24. Bxc5 Nec8 25. Rd1 Kc7 26. Bxh7 Ra5
27. Bd3 Nd5 28. c4 Nf4 29. Bf1 b6 30. Bf8 1-0

[Event "13th Rochefort Tournament - Masters 2014"]
[Site "Palais des Congres Rochefort"]
[Date "2014.02.22"]
[Round "2.9"]
[White "Lemeaux, David"]
[Black "Colin, Vincent"]
[Result "0-1"]
[WhiteElo "2276"]
[BlackElo "2412"]
[PlyCount "108"]

1. d4 Nf6 2. c4 g6 3. g3 Bg7 4. Bg2 O-O 5. Nc3 d6 6. Nf3 c6 7. O-O Bf5 8. Nh4
Be6 9. b3 d5 10. c5 b6 11. cxb6 axb6 12. Bb2 Qc8 13. Na4 Nbd7 14. Qc2 Qb7 15.
f4 Ng4 16. Qd2 f5 17. Nf3 Ngf6 18. Qe3 Ne4 19. Nc3 Rfd8 20. Rfc1 Bf7 21. Rc2
Rac8 22. Rac1 Qa6 23. a4 c5 24. Nb5 c4 25. Ra1 Bf8 26. bxc4 dxc4 27. Nd2 Nef6
28. Nc3 Ng4 29. Qf3 Bg7 30. e3 Nb8 31. Nb5 Nc6 32. Bc3 h5 33. h3 Nf6 34. Qe2
Na5 35. Bxa5 bxa5 36. Rac1 Nd5 37. Bxd5 Bxd5 38. Nxc4 Be4 39. Rc3 Ba8 40. Nd2
Rxc3 41. Rxc3 Qb7 42. Qh2 Rc8 43. Nf1 Rxc3 44. Nxc3 Qf3 45. Qe2 Qh1+ 46. Kf2 h4
47. gxh4 Bf6 48. Ke1 Bxh4+ 49. Kd2 Bg2 50. Qa6 Kg7 51. Qxa5 Qxf1 52. Qe5+ Bf6
53. Qe6 Qf2+ 54. Kc1 Be4 0-1

[Event "13th Rochefort Tournament - Masters 2014"]
[Site "Palais des Congres Rochefort"]
[Date "2014.02.22"]
[Round "2.10"]
[White "Richard, Emma"]
[Black "Loiseau, Quentin"]
[Result "0-1"]
[WhiteElo "2071"]
[BlackElo "2394"]
[PlyCount "76"]

1. e4 e5 2. Nf3 Nc6 3. Bb5 a6 4. Ba4 Nf6 5. d3 d6 6. c3 g6 7. O-O Bg7 8. Nbd2
O-O 9. Re1 Bd7 10. Nf1 Qe7 11. Ne3 Nd8 12. Bb3 c6 13. a4 Ne6 14. a5 Nf4 15. Nc4
N6h5 16. Nb6 Rad8 17. Nxd7 Qxd7 18. h3 Kh8 19. d4 Qc8 20. Ng5 d5 21. exd5 h6
22. Ne4 exd4 23. cxd4 Nxd5 24. Qf3 Kh7 25. g4 Nhf6 26. Nxf6+ Nxf6 27. Re7 Rd7
28. Re1 Qd8 29. Be3 Nd5 30. Ra4 Nc7 31. Qg3 Nb5 32. h4 Nxd4 33. Bd1 Nf5 34.
gxf5 Rxd1 35. f3 gxf5 36. Kh2 Re8 37. Bf2 Rdxe1 38. Bxe1 Qd1 0-1

[Event "13th Rochefort Tournament - Masters 2014"]
[Site "Palais des Congres Rochefort"]
[Date "2014.02.22"]
[Round "2.12"]
[White "Nguyen, Chi-Minh"]
[Black "Lalic, Bogdan"]
[Result "1/2-1/2"]
[WhiteElo "2397"]
[BlackElo "2489"]
[PlyCount "37"]

1. d4 Nf6 2. c4 e6 3. Nc3 Bb4 4. e3 c5 5. Nge2 b6 6. a3 Ba5 7. Rb1 Na6 8. g3
Bb7 9. d5 b5 10. Bg2 bxc4 11. O-O O-O 12. e4 exd5 13. e5 Ng4 14. Bxd5 Bc6 15.
f4 Nc7 16. Bxc4 d5 17. exd6 Ne8 18. Bd5 Qxd6 19. Bxc6 1/2-1/2

[Event "13th Rochefort Tournament - Masters 2014"]
[Site "Palais des Congres Rochefort"]
[Date "2014.02.22"]
[Round "2.23"]
[White "Seymour, Timothy P"]
[Black "Roch, Florian"]
[Result "1-0"]
[WhiteElo "2082"]
[BlackElo "1871"]
[PlyCount "36"]

1. e4 c5 2. c3 d5 3. exd5 Qxd5 4. d4 Nf6 5. Nf3 Bg4 6. dxc5 Qxd1+ 7. Kxd1 e5 8.
b4 e4 9. h3 Bh5 10. g4 Nxg4 11. hxg4 Bxg4 12. Nbd2 exf3 13. Bd3 Nc6 14. Re1+
Kd7 15. Kc2 g6 16. Ne4 Bg7 17. Bf4 Rad8 18. Rad1 Be5 1-0

[Event "13th Rochefort Tournament - Masters 2014"]
[Site "Palais des Congres Rochefort"]
[Date "2014.02.22"]
[Round "1.1"]
[White "Constantinou, Peter"]
[Black "Solodovnichenko, Yuri"]
[Result "0-1"]
[WhiteElo "2270"]
[BlackElo "2586"]
[PlyCount "124"]

1. d4 d6 2. Nf3 g6 3. e4 Nf6 4. Bd3 Bg7 5. O-O O-O 6. c3 c5 7. h3 Na6 8. Re1
cxd4 9. cxd4 Nb4 10. Nc3 Nxd3 11. Qxd3 Nd7 12. Bg5 h6 13. Bh4 a6 14. e5 dxe5
15. dxe5 g5 16. Bxg5 Nxe5 17. Qxd8 Nxf3+ 18. gxf3 Rxd8 19. Bxe7 Rd2 20. Ne4 Rd3
21. Nf6+ Bxf6 22. Bxf6 Bxh3 23. Re3 Rd6 24. Be5 Rg6+ 25. Kh2 Be6 26. a3 Rd8 27.
Rg1 Kh7 28. Rxg6 Kxg6 29. Bc3 Kf5 30. Re4 h5 31. Rh4 Kg5 32. Rb4 Rd3 33. Rxb7
Rxf3 34. Bd2+ Kg6 35. Kg1 Rd3 36. Be3 Bd5 37. Rb6+ Kf5 38. Rb4 Be4 39. Kh2 Ke5
40. Rc4 f5 41. Rc5+ Ke6 42. Rc3 Rd8 43. Bf4 a5 44. Kh3 Rd1 45. Kh4 Rf1 46. Kxh5
Rxf2 47. Bc1 Rh2+ 48. Kg5 Rg2+ 49. Kf4 Rg4+ 50. Ke3 Ke5 51. b4 f4+ 52. Kf2 Kd4
53. Rc7 Rg2+ 54. Kf1 f3 55. Rd7+ Kc3 56. Rc7+ Kb3 57. Rd7 Bc6 58. Rf7 a4 59.
Rf5 Be4 60. Rf4 Bd3+ 61. Ke1 Re2+ 62. Kd1 Bc2# 0-1

[Event "13th Rochefort Tournament - Masters 2014"]
[Site "Palais des Congres Rochefort"]
[Date "2014.02.22"]
[Round "1.2"]
[White "Bachmann, Axel"]
[Black "Brunello, Marina"]
[Result "1-0"]
[WhiteElo "2577"]
[BlackElo "2261"]
[PlyCount "57"]

1. Nf3 d5 2. g3 Nf6 3. Bg2 c6 4. O-O Bf5 5. d3 e6 6. Nbd2 Nbd7 7. Qe1 Bg6 8. e4
dxe4 9. dxe4 e5 10. Nh4 Bc5 11. Nc4 O-O 12. b4 Bb6 13. Nxg6 hxg6 14. Bd2 Bc7
15. a4 Qe7 16. Qe2 Qe6 17. a5 Rac8 18. Be3 Bb8 19. h4 Rfd8 20. Bf3 a6 21. Rab1
Ne8 22. Rfd1 Bc7 23. Bg4 f5 24. Bh3 Ndf6 25. Bb6 Rxd1+ 26. Rxd1 Nd6 27. Nxd6
Bxd6 28. exf5 gxf5 29. Qd3 1-0

[Event "13th Rochefort Tournament - Masters 2014"]
[Site "Palais des Congres Rochefort"]
[Date "2014.02.22"]
[Round "1.3"]
[White "Marzolf, Bruno"]
[Black "Lagarde, Maxime"]
[Result "1/2-1/2"]
[WhiteElo "2221"]
[BlackElo "2514"]
[PlyCount "133"]

1. e4 c5 2. Nf3 e6 3. c3 d5 4. e5 d4 5. Bd3 Bd7 6. Qe2 Ne7 7. Be4 Bc6 8. cxd4
cxd4 9. d3 Bxe4 10. Qxe4 Nbc6 11. O-O Qd5 12. Re1 Rd8 13. Na3 Ng6 14. Nc2 Qxe4
15. Rxe4 Rd5 16. Bf4 Nxf4 17. Rxf4 Nxe5 18. Nxe5 Rxe5 19. Rxd4 Rc5 20. Rc4 Bd6
21. Rc1 Kd7 22. b4 Rc7 23. Rxc7+ Bxc7 24. Nd4 Rc8 25. Kf1 a5 26. bxa5 Bxa5 27.
Rb1 b6 28. Nb3 Bb4 29. Rb2 Ba3 30. Rd2 Kd6 31. Ke2 Kd5 32. Kd1 Bd6 33. h3 Ra8
34. Rc2 Ra3 35. Ke2 f5 36. Ke3 h5 37. Ke2 g5 38. Nd2 Bc5 39. Nb3 Bb4 40. Kf3
g4+ 41. hxg4 fxg4+ 42. Kf4 Be7 43. g3 Ra8 44. Ke3 Rf8 45. Rc4 e5 46. a4 h4 47.
gxh4 Rf3+ 48. Ke2 Bxh4 49. Rxg4 Rxf2+ 50. Kd1 Be7 51. Rg6 e4 52. dxe4+ Kc4 53.
Nd2+ Kc3 54. Rg3+ Kb4 55. Rb3+ Kxa4 56. Rxb6 Bb4 57. Nc4 Kb3 58. Ne3 Rd2+ 59.
Kc1 Re2 60. Nd1 Rxe4 61. Rb8 Re2 62. Rd8 Ka2 63. Ra8+ Kb3 64. Rd8 Re5 65. Rd3+
Kc4 66. Nb2+ Kc5 67. Kc2 1/2-1/2

[Event "13th Rochefort Tournament - Masters 2014"]
[Site "Palais des Congres Rochefort"]
[Date "2014.02.22"]
[Round "1.4"]
[White "Lalic, Bogdan"]
[Black "Raghavi, N."]
[Result "1/2-1/2"]
[WhiteElo "2489"]
[BlackElo "2213"]
[PlyCount "47"]

1. d4 Nf6 2. c4 e6 3. Nf3 b6 4. g3 Ba6 5. Qa4 Bb7 6. Bg2 c5 7. dxc5 bxc5 8. Nc3
Be7 9. O-O O-O 10. Rd1 Qb6 11. Qb3 Rd8 12. Qxb6 axb6 13. b3 d5 14. Ne5 Nbd7 15.
Nxd7 Rxd7 16. Na4 Bd8 17. cxd5 exd5 18. e4 Bc6 19. Nc3 b5 20. Bb2 b4 21. Ne2
Nxe4 22. a3 bxa3 23. Rxa3 Rxa3 24. Bxa3 1/2-1/2

[Event "13th Rochefort Tournament - Masters 2014"]
[Site "Palais des Congres Rochefort"]
[Date "2014.02.22"]
[Round "1.5"]
[White "Ollier, Milan"]
[Black "Demuth, Adrien"]
[Result "1/2-1/2"]
[WhiteElo "2212"]
[BlackElo "2478"]
[PlyCount "66"]

1. e4 c5 2. Nc3 Nc6 3. g3 g6 4. Bg2 Bg7 5. d3 d6 6. Be3 Nh6 7. f3 f5 8. Qd2 Nf7
9. h4 e6 10. Nh3 Bd7 11. O-O O-O 12. Rab1 Rc8 13. Ne2 Nd4 14. c3 Nxe2+ 15. Qxe2
Qa5 16. Qd2 d5 17. exd5 exd5 18. d4 Rfd8 19. Nf4 c4 20. Rfe1 Rc6 21. a3 Bc8 22.
Re2 Bf6 23. Qe1 Qc7 24. Bd2 Kg7 25. Rd1 b5 26. Nh3 Qb6 27. Bg5 Re6 28. Bxf6+
Kxf6 29. Nf4 Rxe2 30. Qxe2 Qd6 31. Re1 h6 32. Kf2 a5 33. h5 g5 1/2-1/2

[Event "13th Rochefort Tournament - Masters 2014"]
[Site "Palais des Congres Rochefort"]
[Date "2014.02.22"]
[Round "1.6"]
[White "Vishnu Prasanna. V"]
[Black "Peric, Slavisa"]
[Result "1-0"]
[WhiteElo "2468"]
[BlackElo "2183"]
[PlyCount "51"]

1. c4 c6 2. Nf3 d5 3. e3 Nf6 4. Nc3 Bf5 5. cxd5 cxd5 6. Qb3 Bc8 7. d4 Nc6 8.
Ne5 e6 9. f4 Nd7 10. Bd3 f5 11. Bd2 Qb6 12. Qd1 Ndxe5 13. fxe5 g6 14. O-O Bd7
15. Kh1 h5 16. Rc1 Be7 17. Qe1 h4 18. Na4 Qd8 19. Nc5 Bxc5 20. Rxc5 Qe7 21. b4
a6 22. a4 b6 23. Rc2 a5 24. bxa5 bxa5 25. Bb5 Rc8 26. Qc1 1-0

[Event "13th Rochefort Tournament - Masters 2014"]
[Site "Palais des Congres Rochefort"]
[Date "2014.02.22"]
[Round "1.7"]
[White "Boulet, Philippe"]
[Black "Milchev, Nikolay"]
[Result "0-1"]
[WhiteElo "2177"]
[BlackElo "2465"]
[PlyCount "68"]

1. e4 c5 2. Nf3 d6 3. Bb5+ Nd7 4. O-O a6 5. Bxd7+ Bxd7 6. d4 cxd4 7. Qxd4 e5 8.
Qd3 Bb5 9. c4 Bc6 10. Nc3 Nf6 11. Bg5 h6 12. Bxf6 Qxf6 13. Rfd1 Rc8 14. Nd5 Qd8
15. Qe3 Bxd5 16. Rxd5 Qc7 17. b3 Be7 18. Rad1 O-O 19. g4 b5 20. cxb5 axb5 21.
Rxb5 Qd7 22. a4 Qxg4+ 23. Kh1 f5 24. Rg1 Qxe4 25. Qxe4 fxe4 26. Nd2 Rxf2 27.
Nxe4 Rf4 28. Ng3 Rf2 29. Ne4 Ra2 30. Ng3 Rcc2 31. Nf1 Bg5 32. Rb7 e4 33. h4 Bf6
34. Rg4 Ra1 0-1

[Event "13th Rochefort Tournament - Masters 2014"]
[Site "Palais des Congres Rochefort"]
[Date "2014.02.22"]
[Round "1.8"]
[White "Kozhuharov, Spas"]
[Black "Bozkiewicz, Eric"]
[Result "1-0"]
[WhiteElo "2463"]
[BlackElo "2106"]
[PlyCount "35"]

1. d4 f5 2. g3 Nf6 3. Bg2 g6 4. Nf3 Bg7 5. O-O O-O 6. c4 d5 7. cxd5 Nxd5 8. Nc3
c6 9. e4 fxe4 10. Ng5 e5 11. dxe5 Bxe5 12. Qb3 Kg7 13. Rd1 h6 14. Ngxe4 Nxc3
15. Rxd8 Ne2+ 16. Kf1 Nxc1 17. Qb4 Rxd8 18. Qe7+ 1-0

[Event "13th Rochefort Tournament - Masters 2014"]
[Site "Palais des Congres Rochefort"]
[Date "2014.02.22"]
[Round "1.9"]
[White "Maloberti, David"]
[Black "Barbosa, Evandro Amorim"]
[Result "1/2-1/2"]
[WhiteElo "2083"]
[BlackElo "2459"]
[PlyCount "110"]

1. d4 Nf6 2. c4 g6 3. Nc3 d5 4. cxd5 Nxd5 5. e4 Nxc3 6. bxc3 Bg7 7. Bc4 c5 8.
Ne2 Nc6 9. Be3 O-O 10. O-O Qc7 11. Rc1 Rd8 12. d5 Na5 13. Bd3 c4 14. Bc2 e6 15.
Qd2 exd5 16. exd5 Be6 17. Be4 Rd7 18. Rfd1 Rad8 19. Qb2 b6 20. Bg5 f6 21. Bf4
Qb7 22. Nd4 Bxd5 23. Bxd5+ Qxd5 24. Re1 Nc6 25. Nb5 Qf5 26. Be3 Ne5 27. Nd4 Nd3
28. Nxf5 Nxb2 29. Nxg7 Kxg7 30. Rb1 Nd3 31. Re2 Rd5 32. Bd4 Kf7 33. Kf1 Ra5 34.
g3 Rdd5 35. f4 Ra3 36. Rc2 Rda5 37. Ra1 Rd5 38. Rd1 h5 39. Rdd2 b5 40. Bg1 a5
41. Re2 Rd6 42. Be3 Re6 43. Bd4 Rc6 44. Re3 b4 45. Rce2 g5 46. fxg5 bxc3 47.
gxf6 Rc7 48. Rc2 Nb4 49. Rcxc3 Rxa2 50. Re2 Ra4 51. Re5 Ra1+ 52. Kg2 Rd1 53.
Bb6 Rc6 54. Bxa5 Nd5 55. Rxh5 {unreadible} 55... Nxf6 1/2-1/2

[Event "13th Rochefort Tournament - Masters 2014"]
[Site "Palais des Congres Rochefort"]
[Date "2014.02.22"]
[Round "1.10"]
[White "Dumitrache, Dragos-Nicolae"]
[Black "Seymour, Timothy P"]
[Result "1-0"]
[WhiteElo "2453"]
[BlackElo "2082"]
[PlyCount "119"]

1. d4 Nf6 2. c4 e6 3. Nf3 b6 4. Nc3 Bb7 5. Bg5 Be7 6. Qc2 h6 7. Bh4 d5 8. cxd5
Nxd5 9. Bxe7 Qxe7 10. e4 Nxc3 11. bxc3 O-O 12. Bd3 c5 13. O-O cxd4 14. cxd4 Nc6
15. Rad1 Qa3 16. Qd2 Rfd8 17. Bb1 Rd7 18. Rfe1 Rad8 19. d5 exd5 20. exd5 Ne7
21. Qc2 g6 22. Re3 Qd6 23. Ne5 Rc7 24. Nc4 Qd7 25. d6 Nf5 26. Ree1 Nxd6 27.
Rxd6 Qxd6 28. Nxd6 Rxc2 29. Bxc2 Rxd6 30. Re7 Rd2 31. Bb3 Ba6 32. Rxa7 Bb5 33.
Bxf7+ Kf8 34. h4 g5 35. hxg5 hxg5 36. Bb3 Rd7 37. Ra8+ Ke7 38. Kh2 Kf6 39. Rf8+
Kg6 40. Rb8 Rd6 41. Kg3 Bf1 42. Re8 b5 43. Re6+ Rxe6 44. Bxe6 Kf6 45. Bb3 b4
46. Kf3 g4+ 47. Kxg4 Bxg2 48. Kf4 Bb7 49. Ke3 Ke5 50. f4+ Kf5 51. Bc2+ Kg4 52.
Ba4 Bc8 53. Ke4 Bf5+ 54. Ke5 Bb1 55. Bb3 Kh5 56. Bf7+ Kg4 57. Be6+ Kh5 58. Kf6
Kh6 59. f5 Kh7 60. Ke7 1-0

[Event "13th Rochefort Tournament - Masters 2014"]
[Site "Palais des Congres Rochefort"]
[Date "2014.02.22"]
[Round "3.1"]
[White "Colin, Vincent"]
[Black "Milchev, Nikolay"]
[Result "1-0"]
[WhiteElo "2412"]
[BlackElo "2465"]
[PlyCount "89"]

1. e4 c5 2. c3 Nf6 3. e5 Nd5 4. Nf3 e6 5. d4 cxd4 6. cxd4 d6 7. Bc4 dxe5 8.
dxe5 Nc6 9. Qe2 a6 10. O-O b5 11. Bb3 Na5 12. Bg5 Be7 13. Bxd5 Qxd5 14. Bxe7
Kxe7 15. Rd1 Qc6 16. Qd2 Nb7 17. Na3 Qb6 18. Qb4+ Qc5 19. Qh4+ Ke8 20. Rac1 Qb6
21. Qg4 g6 22. Ng5 h6 23. Nxf7 Kxf7 24. Qf3+ Kg8 25. Rc6 Qa5 26. Qf6 Rh7 27.
Rxc8+ Rxc8 28. Qxe6+ Rf7 29. Qxc8+ Kg7 30. e6 Re7 31. h3 Qb6 32. Qc3+ Kg8 33.
Re1 Qd6 34. Qf6 Kh7 35. Nc2 Nc5 36. Nd4 Nd3 37. Re3 Nf4 38. Re4 Nd3 39. Nf5
gxf5 40. Rh4 Kg8 41. Rxh6 Rg7 42. Qh4 Rxg2+ 43. Kxg2 Nf4+ 44. Kf3 Nxe6 45. Rg6+
1-0

[Event "13th Rochefort Tournament - Masters 2014"]
[Site "Palais des Congres Rochefort"]
[Date "2014.02.22"]
[Round "3.2"]
[White "Loiseau, Quentin"]
[Black "Santiago, Yago De Moura"]
[Result "1-0"]
[WhiteElo "2394"]
[BlackElo "2451"]
[PlyCount "93"]

1. d4 Nf6 2. Nf3 e6 3. c4 d5 4. g3 dxc4 5. Bg2 a6 6. O-O b5 7. Ne5 Nd5 8. e4
Nf6 9. Nc3 Bb7 10. a4 b4 11. Nb1 Nbd7 12. Qe2 Nxe5 13. dxe5 Nd7 14. Rd1 Bc5 15.
Nd2 Qe7 16. Nxc4 a5 17. Qg4 f6 18. Bh3 Ra6 19. Qh5+ g6 20. Qh6 Bxe4 21. Qh4 f5
22. Bg5 Qf7 23. Bh6 Be7 24. Qf4 Nc5 25. Bf1 Ra7 26. Rac1 Nd7 27. Nd6+ cxd6 28.
Rc8+ Bd8 29. Qh4 Qe7 30. Bg5 Nxe5 31. Be2 O-O 32. Bxe7 Bxe7 33. Rxf8+ Bxf8 34.
Qf6 Bd5 35. Rxd5 exd5 36. Qe6+ Nf7 37. Qxd5 Bg7 38. b3 Bf6 39. Bc4 Kg7 40. f4
Re7 41. Qxa5 Bd4+ 42. Kf1 Bc5 43. Qa8 h6 44. a5 g5 45. Qc8 gxf4 46. gxf4 Kf6
47. Bd3 1-0

[Event "13th Rochefort Tournament - Masters 2014"]
[Site "Palais des Congres Rochefort"]
[Date "2014.02.22"]
[Round "3.3"]
[White "Ider, Borya"]
[Black "Antoli Royo, Joaquin Miguel"]
[Result "1-0"]
[WhiteElo "2378"]
[BlackElo "2413"]
[PlyCount "73"]

1. d4 Nf6 2. c4 c5 3. d5 e6 4. Nc3 exd5 5. cxd5 d6 6. Nf3 g6 7. Bf4 a6 8. a4
Bg7 9. h3 O-O 10. e3 Qe7 11. Be2 Nbd7 12. O-O Ne8 13. Nd2 Ne5 14. a5 f5 15. Na4
g5 16. Bxe5 Bxe5 17. Nb6 Rb8 18. Ndc4 Bg7 19. Nxc8 Rxc8 20. Qc2 Kh8 21. Bd3 Qf6
22. f4 g4 23. hxg4 fxg4 24. Bxh7 g3 25. Be4 Qh4 26. Rfe1 Nf6 27. Bf3 Nxd5 28.
Bxd5 Bd4 29. Kf1 Rce8 30. Ke2 Bxe3 31. Nxe3 Rxe3+ 32. Kd2 Rxe1 33. Rxe1 Qxf4+
34. Kd1 Qd4+ 35. Qd2 Qa4+ 36. Kc1 Rf4 37. Qc3+ 1-0

[Event "13th Rochefort Tournament - Masters 2014"]
[Site "Palais des Congres Rochefort"]
[Date "2014.02.22"]
[Round "3.4"]
[White "Bachmann, Axel"]
[Black "Marholev, Dimitar"]
[Result "1/2-1/2"]
[WhiteElo "2577"]
[BlackElo "2315"]
[PlyCount "126"]

1. d4 Nf6 2. Nf3 e6 3. e3 g6 4. c4 Bg7 5. Nc3 O-O 6. Be2 c5 7. dxc5 Na6 8. e4
Nxc5 9. e5 Nfe4 10. Nxe4 Nxe4 11. O-O b6 12. Bf4 Bb7 13. Qc1 f6 14. Bh6 Bxh6
15. Qxh6 fxe5 16. Nxe5 d6 17. Rad1 Qe8 18. Ng4 Rd8 19. Bf3 Qe7 20. Bxe4 Bxe4
21. Rfe1 Bb7 22. f3 e5 23. b3 Qc7 24. Rd3 b5 25. cxb5 Qc5+ 26. Qe3 Qxb5 27.
Red1 Ba6 28. Rd5 Qb8 29. Qd2 Qb6+ 30. Kh1 Bb7 31. Rxd6 Rxd6 32. Qxd6 Qxd6 33.
Rxd6 e4 34. Kg1 exf3 35. Rd7 Bc6 36. Rc7 Bd5 37. Rxa7 fxg2 38. Ne3 Be4 39. Nxg2
Rd8 40. Nf4 Rd2 41. b4 Rb2 42. a3 g5 43. Nh5 Bg6 44. Nf6+ Kh8 45. Ng4 Bf5 46.
Nh6 Bh3 47. Ra5 Kg7 48. Nf5+ Kg6 49. Ne3 Re2 50. Re5 Ra2 51. b5 Rxa3 52. b6 Rb3
53. Nc4 Kf6 54. Re2 Be6 55. Rb2 Rxb2 56. Nxb2 Bd5 57. Nd3 Ke7 58. Kf2 Kd6 59.
Kg3 h5 60. h4 gxh4+ 61. Kxh4 Bb7 62. Kxh5 Kc6 63. Kg5 Kxb6 1/2-1/2

[Event "13th Rochefort Tournament - Masters 2014"]
[Site "Palais des Congres Rochefort"]
[Date "2014.02.22"]
[Round "3.6"]
[White "Panbukchian, Valentin"]
[Black "Demuth, Adrien"]
[Result "1-0"]
[WhiteElo "2309"]
[BlackElo "2478"]
[PlyCount "54"]

1. f4 e5 2. fxe5 d6 3. exd6 Bxd6 4. Nf3 Nf6 5. e3 Ng4 6. Qe2 Nc6 7. Nc3 Nce5 8.
Ne4 Nxf3+ 9. gxf3 Qh4+ 10. Kd1 Ne5 11. Nxd6+ cxd6 12. Bg2 O-O 13. d4 Ng6 14.
Bd2 Re8 15. Qe1 Qh5 16. Qg3 Bf5 17. h4 Rac8 18. Rc1 h6 19. Bf1 Re4 20. Rg1 Rxh4
21. c4 Re8 22. c5 Be4 23. Bg2 d5 24. Rc3 Bf5 25. Kc1 Bh3 26. Bh1 Be6 27. Qe1
Rh3 1-0

[Event "13th Rochefort Tournament - Masters 2014"]
[Site "Palais des Congres Rochefort"]
[Date "2014.02.22"]
[Round "3.7"]
[White "Kozhuharov, Spas"]
[Black "Kambrath, Yannick"]
[Result "1/2-1/2"]
[WhiteElo "2463"]
[BlackElo "2293"]
[PlyCount "72"]

1. d4 Nf6 2. c4 g6 3. Nc3 Bg7 4. e4 d6 5. f3 O-O 6. Bg5 c5 7. d5 e6 8. Qd2 exd5
9. cxd5 a6 10. a4 h6 11. Be3 Re8 12. Be2 h5 13. a5 Nh7 14. Na4 Nd7 15. Nh3 b5
16. axb6 Nxb6 17. Nf2 Nxa4 18. Rxa4 Qb6 19. O-O Bd7 20. Ra2 a5 21. Rfa1 a4 22.
Bd1 Reb8 23. Bxa4 Bxa4 24. Rxa4 Rxa4 25. Rxa4 Bxb2 26. g3 Bg7 27. Kg2 Qb5 28.
Qa2 Nf8 29. Ra6 Rb6 30. Ra8 Qb4 31. Qa7 Rb7 32. Qa6 Rb6 33. Qa7 Rb7 34. Qa6 Rb6
35. Qe2 Rb8 36. Rxb8 Qxb8 1/2-1/2